Cucurbits by R W Robinson and D S Decker-Walters (Record no. 1209235)

MARC details
000 -LEADER
fixed length control field 01172nam a2200313Ia 4500
003 - CONTROL NUMBER IDENTIFIER
control field OSt
005 - DATE AND TIME OF LATEST TRANSACTION
control field 20221007121720.0
008 - FIXED-LENGTH DATA ELEMENTS--GENERAL INFORMATION
fixed length control field 221006b |||||||| |||| 00| 0 eng d
020 ## - INTERNATIONAL STANDARD BOOK NUMBER
International Standard Book Number 0851991335 (pbk)
037 ## - SOURCE OF ACQUISITION
Terms of availability Textual
040 ## - CATALOGING SOURCE
Original cataloging agency BDL
Transcribing agency BDL
Language of cataloging eng
041 ## - LANGUAGE CODE
Source of code eng
Language code of text/sound track or separate title eng
100 ## - MAIN ENTRY--PERSONAL NAME
Personal name Robinson R W
9 (RLIN) 712785
245 #0 - TITLE STATEMENT
Title Cucurbits by R W Robinson and D S Decker-Walters
Remainder of title Decker-Walters D S
260 ## - PUBLICATION, DISTRIBUTION, ETC.
Place of publication, distribution, etc. London
Name of publisher, distributor, etc. CAB International
Date of publication, distribution, etc. 1997
300 ## - PHYSICAL DESCRIPTION
Extent viii,226p
Dimensions cm.
490 ## - SERIES STATEMENT
Series statement Crop production science in horticulture; 6
500 ## - GENERAL NOTE
General note Appendix 203-206p; Bibliographical references 207-216p; Index 217-226p; ^n23/CSL/Carb/98-99/6502^d1998-08-20^mPurchase; ; 98-99/321^b1998-11-05^c5816^d1998-10-07^eShankar's Book Agency Pvt Ltd; ; 1998-11-23^bSB^c2000-02-01^dSB^r2000-02-25
650 ## - SUBJECT ADDED ENTRY--TOPICAL TERM
Topical term or geographic name entry element Cucurbitaceae
9 (RLIN) 712786
650 ## - SUBJECT ADDED ENTRY--TOPICAL TERM
Topical term or geographic name entry element Dicotyledon
650 ## - SUBJECT ADDED ENTRY--TOPICAL TERM
Topical term or geographic name entry element Botany
700 ## - ADDED ENTRY--PERSONAL NAME
Personal name Decker-Walters D S
9 (RLIN) 712787
942 ## - ADDED ENTRY ELEMENTS (KOHA)
Classification part I8336, N7
Koha item type Textual
Source of classification or shelving scheme Colon Classification (CC)
Holdings
Withdrawn status Lost status Source of classification or shelving scheme Damaged status Not for loan Home library Current library Date acquired Source of acquisition Total Checkouts Full call number Barcode Date last seen Price effective from Koha item type
    Colon Classification (CC)     Department of Botany Library Department of Botany Library 2022-10-07 Shankar,   I8336 N7 BD0004603 2022-10-07 2022-10-07 Textual
Copyright @ Delhi University Library System